[Event "GRE-chT 46th"]
[Site "Rio Achaia"]
[Date "2018.07.15"]
[Round "7.13"]
[White "Patriki, Alexandra"]
[Black "Louka, Marianthi"]
[Result "1-0"]
[WhiteElo "1355"]
[BlackElo "1465"]
[PlyCount "57"]
[EventDate "2018.07.10"]
[EventType "team"]
[EventRounds "7"]
[EventCountry "GRE"]
[SourceTitle "CBM 185 Extra"]
[Source "ChessBase"]
[SourceDate "2018.07.29"]
[SourceVersion "1"]
[SourceVersionDate "2018.07.29"]
[SourceQuality "1"]
[WhiteTeam "Florence FL"]
[BlackTeam "Kalamata Poseidon"]
[WhiteTeamCountry "GRE"]
[BlackTeamCountry "GRE"]

1. d4 Nf6 2. Nf3 e6 3. Bf4 c5 4. c3 Nc6 5. e3 Be7 6. Bd3 0-0 7. Nbd2 d5 8. Ne5 Nxe5 9. dxe5 Nd7 10. 0-0 f5 11. exf6 Bxf6 12. Bg3 e5 13. e4 d4 14. cxd4 cxd4 15. f4 Kh8 16. Nc4 Re8 17. Nd6 Re7 18. Bc4 exf4 19. Bxf4 Qb6 20. e5 Nxe5 21. Bxe5 Rd7 22. Bxf6 Qxd6 23. Bh4 b6 24. Bd3 Bb7 25. Qh5 g6 26. Qg4 Qd5 27. b3 Re8 28. Bf6+ Kg8 29. Bc4 1-0

[Event "GRE-chT 46th"]
[Site "Rio Achaia"]
[Date "2018.07.13"]
[Round "5.14"]
[White "Patriki, Alexandra"]
[Black "Bania, Eleni"]
[Result "1-0"]
[WhiteElo "1355"]
[BlackElo "1349"]
[PlyCount "55"]
[EventDate "2018.07.10"]
[EventType "team"]
[EventRounds "7"]
[EventCountry "GRE"]
[SourceTitle "CBM 185 Extra"]
[Source "ChessBase"]
[SourceDate "2018.07.29"]
[SourceVersion "1"]
[SourceVersionDate "2018.07.29"]
[SourceQuality "1"]
[WhiteTeam "Florence FL"]
[BlackTeam "Patras Shipping Company"]
[WhiteTeamCountry "GRE"]
[BlackTeamCountry "GRE"]

1. e4 e5 2. Nf3 Nc6 3. Bb5 a6 4. Ba4 Nf6 5. d3 b5 6. Bb3 Bc5 7. c3 0-0 8. 0-0 d6 9. Nbd2 Bb7 10. h3 Bb6 11. Re1 Ne7 12. Nf1 Ng6 13. Ng3 h6 14. Nh2 Re8 15. Ng4 Nxg4 16. hxg4 Qf6 17. Be3 Bxe3 18. Rxe3 Qd8 19. Qf3 Qd7 20. Nf5 Rad8 21. g5 hxg5 22. Qh5 Nf4 23. Qxg5 Ne6 24. Bxe6 fxe6 25. Nh6+ Kh7 26. Rh3 Ra8 27. Ng4+ Kg8 28. Nf6+ 1-0

[Event "GRE-ch U16 Girls"]
[Site "Rio Achaia"]
[Date "2018.07.08"]
[Round "6"]
[White "Patriki, Alexandra"]
[Black "Kalyva, Kyriaki"]
[Result "0-1"]
[WhiteElo "1355"]
[BlackElo "1734"]
[PlyCount "96"]
[EventDate "2018.07.03"]
[EventType "swiss"]
[EventRounds "9"]
[EventCountry "GRE"]
[SourceTitle "EXT 2019"]
[Source "ChessBase"]
[SourceDate "2018.10.10"]
[SourceVersion "1"]
[SourceVersionDate "2018.10.10"]
[SourceQuality "1"]

1. d4 d5 2. Nf3 Nf6 3. Bf4 c5 4. e3 Qb6 5. Nc3 c4 6. Rb1 Bf5 7. Be2 e6 8. 0-0 Nh5 9. Be5 Nf6 10. Nh4 Bg6 11. Nxg6 hxg6 12. Bf3 Nbd7 13. Bg3 Bd6 14. Ne2 Bxg3 15. Nxg3 e5 16. dxe5 Nxe5 17. Be2 0-0-0 18. Qd4 Qc7 19. Qxa7 Ne4 20. Qd4 Nc6 21. Qxg7 Nd2 22. Rbd1 Nxf1 23. Nxf1 b5 24. Bf3 Ne5 25. Bxd5 f5 26. Be6+ Kb8 27. Qxc7+ Kxc7 28. Re1 Rd6 29. f4 Nc6 30. Bf7 Rf6 31. Bd5 Nb4 32. Bf3 Nxc2 33. Rc1 Nb4 34. a3 Nd3 35. Rc2 Ne1 36. Rd2 Rd6 37. Rxd6 Kxd6 38. Be2 Kc5 39. Nd2 Rd8 40. Nb1 Nc2 41. Kf2 Re8 42. h3 Nxe3 43. g4 Nd5 44. gxf5 gxf5 45. Bh5 Rh8 46. Bg6 Ne7 47. Bf7 Rxh3 48. Kg2 Rb3 0-1

[Event "GRE-chT 44th"]
[Site "Achaia"]
[Date "2016.07.07"]
[Round "4.7"]
[White "Anthopoulou, Ioanna"]
[Black "Patriki, Alexandra"]
[Result "1-0"]
[WhiteElo "1376"]
[BlackElo "1039"]
[PlyCount "45"]
[EventDate "2016.07.05"]
[EventType "team-swiss"]
[EventRounds "7"]
[EventCountry "GRE"]
[SourceTitle "CBM 173 Extra"]
[Source "ChessBase"]
[SourceDate "2016.08.29"]
[SourceVersion "1"]
[SourceVersionDate "2016.08.29"]
[SourceQuality "1"]
[WhiteTeam "Papagou DP"]
[BlackTeam "Florinas OP"]
[WhiteTeamCountry "GRE"]
[BlackTeamCountry "GRE"]

1. e4 e5 2. Nf3 Nc6 3. Bb5 Nge7 4. Nc3 d6 5. 0-0 Bg4 6. h3 Bh5 7. Be2 Bxf3 8. Bxf3 Nd4 9. d3 Nxf3+ 10. Qxf3 h6 11. Be3 Nc8 12. d4 Qd7 13. Rad1 exd4 14. Bxd4 c6 15. Rfe1 Ne7 16. Ne2 Ng6 17. c4 Ne5 18. Bxe5 Qe6 19. Bc3 Qxc4 20. Nf4 Qxa2 21. e5 d5 22. e6 0-0-0 23. e7 1-0

[Event "GRE-ch U14 Girls"]
[Site "Porto Rio"]
[Date "2016.07.03"]
[Round "6"]
[White "Patriki, Alexandra"]
[Black "Kalyva, Kyriaki"]
[Result "0-1"]
[WhiteElo "1039"]
[BlackElo "1558"]
[PlyCount "48"]
[EventDate "2016.06.28"]
[EventType "swiss"]
[EventRounds "7"]
[EventCountry "GRE"]
[SourceTitle "CBM 173 Extra"]
[Source "ChessBase"]
[SourceDate "2016.08.29"]
[SourceVersion "1"]
[SourceVersionDate "2016.08.29"]
[SourceQuality "1"]

1. e4 c5 2. Nc3 Nc6 3. g3 Nf6 4. Bg2 g6 5. d3 Bg7 6. Be3 d6 7. h3 Be6 8. Qd2 Rb8 9. a4 Qb6 10. b3 h5 11. Nge2 Nb4 12. Nf4 Rd8 13. Nxe6 fxe6 14. d4 cxd4 15. Bxd4 Qxd4 16. 0-0-0 Na2+ 17. Kb2 Qxd2 18. Rxd2 Nxc3 19. Kc1 Bh6 20. f4 Ncxe4 21. Re2 Nxg3 22. Rxe6 Nxh1 23. Bxh1 Bxf4+ 24. Kb1 Be5 0-1

[Event "GRE-ch U14 Girls"]
[Site "Porto Rio"]
[Date "2016.07.02"]
[Round "5"]
[White "Patriki, Alexandra"]
[Black "Koukouraki, Hrisi"]
[Result "1/2-1/2"]
[WhiteElo "1039"]
[BlackElo "1201"]
[PlyCount "123"]
[EventDate "2016.06.28"]
[EventType "swiss"]
[EventRounds "7"]
[EventCountry "GRE"]
[SourceTitle "CBM 173 Extra"]
[Source "ChessBase"]
[SourceDate "2016.08.29"]
[SourceVersion "1"]
[SourceVersionDate "2016.08.29"]
[SourceQuality "1"]

1. e4 e6 2. d4 d5 3. Nd2 c5 4. exd5 Qxd5 5. dxc5 Bxc5 6. Ngf3 Nc6 7. Bc4 Qd8 8. 0-0 Nf6 9. Nb3 Qxd1 10. Rxd1 Bb6 11. Re1 0-0 12. Bf4 a6 13. c3 Ba7 14. Rad1 b5 15. Bd3 Bb7 16. Be3 Bxe3 17. Rxe3 Nd5 18. Re2 Rad8 19. Re4 Rd6 20. Nc5 Bc8 21. Bc2 Rfd8 22. Rde1 Nf6 23. R4e3 Rd5 24. Nd3 Bb7 25. Nf4 R5d6 26. Rd3 Rxd3 27. Nxd3 Nd5 28. Nc5 Bc8 29. Kf1 Nf6 30. h3 Rd5 31. Nd3 Bb7 32. Nf4 Rd6 33. Re2 Na5 34. Rd2 Rxd2 35. Nxd2 Nd5 36. Nd3 Nc7 37. b3 Nd5 38. c4 bxc4 39. Nxc4 Nc6 40. Nc5 Nd8 41. Nxb7 Nxb7 42. Be4 Nc5 43. Bxd5 exd5 44. Nd2 Kf8 45. Ke2 Ne6 46. Ke3 Ke7 47. b4 Kd6 48. Nb3 h6 49. a4 Nc7 50. f4 g6 51. g4 f6 52. Nd4 Kd7 53. b5 axb5 54. Nxb5 Na6 55. Kd4 Ke6 56. Nc3 Nc7 57. h4 h5 58. gxh5 gxh5 59. a5 Kd6 60. Na4 Na6 61. Nb6 Nc7 62. f5 1/2-1/2